| 000 | 00516nam a2200169 i 4500 | ||
|---|---|---|---|
| 001 | 86375 | ||
| 003 | ES-MaACL | ||
| 005 | 20230906175431.0 | ||
| 007 | t| | ||
| 008 | 041209s1934 xxk ||||1| eng d | ||
| 100 | 1 |
_aKarlin, Alma M. _967563 |
|
| 245 | 1 | 4 |
_aThe death-thorn and other strange experiences in Peru and Panama / _cby Alma M. Karlin ; translated by Bernand Mial. |
| 260 |
_aLondon : _bGeorge Allen, _c1934. |
||
| 300 |
_a346 p. ; _c20 cm. |
||
| 700 | 1 |
_aMial, Bernard. _980845 |
|
| 852 |
_aES-MaACL _jA-1852 |
||
| 999 |
_c86375 _d86375 |
||